Trees (Record no. 735974)
[ view plain ]
| 000 -LEADER | |
|---|---|
| fixed length control field | 00526nam a2200193Ia 4500 |
| 005 - DATE AND TIME OF LATEST TRANSACTION | |
| control field | 20240611111934.0 |
| 008 - FIXED-LENGTH DATA ELEMENTS--GENERAL INFORMATION | |
| fixed length control field | 221021s9999 xx 000 0 und d |
| 020 ## - INTERNATIONAL STANDARD BOOK NUMBER | |
| International Standard Book Number | <a href="9781865094601">9781865094601</a> |
| Qualifying information | (pbk) |
| 040 ## - CATALOGING SOURCE | |
| Original cataloging agency | RDA |
| Transcribing agency | 3228 |
| 041 ## - LANGUAGE CODE | |
| Language | English |
| 082 ## - DEWEY DECIMAL CLASSIFICATION NUMBER | |
| Classification number | J 582.16 Mcev |
| 942 ## - ADDED ENTRY ELEMENTS | |
| Creator ID | 561 |
| Creator Name | John Tresidder |
| Modifier ID | 162 |
| Modifier Name | Elsie Maluleke |
| 100 ## - MAIN ENTRY--PERSONAL NAME | |
| Personal name | McEvoy, Paul |
| 245 #0 - TITLE STATEMENT | |
| Title | Trees |
| 260 ## - PUBLICATION, DISTRIBUTION, ETC. | |
| Place of publication, distribution, etc. | Glebe NSW: |
| Name of publisher, distributor, etc. | Blake Publishing; |
| Date of publication, distribution, etc. | 2002. |
| 300 ## - PHYSICAL DESCRIPTION | |
| Extent | 24 Pages |
| Other physical details | colour illustrations |
| Dimensions | 25 cm |
| 490 ## - SERIES STATEMENT | |
| Series statement | Go facts plants |
| 942 ## - ADDED ENTRY ELEMENTS | |
| item type | Books |
| Source of classification or shelving scheme | Dewey Decimal Classification |
| Withdrawn status | Lost status | Damaged status | Not for loan | Home library | Current library | Date acquired | Cost, normal purchase price | Total Checkouts | Barcode | Date last seen | Price effective from | item type | Source of classification or shelving scheme | Shelving location | Full call number |
|---|---|---|---|---|---|---|---|---|---|---|---|---|---|---|---|
| Evander | Evander | 21.10.2022 | 144.40 | 33228013938129 | 21.10.2022 | 21.10.2022 | Books | ||||||||
| LYDENBURG REGIONAL LIBRARY | LYDENBURG (TOWN) | 11.06.2024 | 33228009958438 | 11.06.2024 | 11.06.2024 | Books | Dewey Decimal Classification | Non Fiction | J 582.16 Mcev |